| 000 | 00702nam a2200265Ia 4500 | ||
|---|---|---|---|
| 008 | 160319s9999 xx 000 0 und d | ||
| 020 | _a978-971-584-975-3 | ||
| 050 | _aFIL QC 37 | ||
| 050 | _b.Q53 2010 | ||
| 100 | _aQuiambao, Raquel D. | ||
| 245 | _aPhysics : | ||
| 245 | _bworktext / | ||
| 245 | _cRaquel D. Quiambao, Jose C. Floresta. | ||
| 250 | _aRevised Edition | ||
| 260 | _aQuezon City: | ||
| 260 | _bC & E Pub. Inc., | ||
| 260 | _c2010 | ||
| 300 | _a400 pages : | ||
| 300 | _billustrations ; | ||
| 300 | _c26 cm. | ||
| 500 | _aIncludes bibliographical references. | ||
| 650 | _aPhysics -- Study and teaching. | ||
| 650 | _aPhysics. | ||
| 650 | _xPhysics -- Worktext. | ||
| 999 |
_c291884 _d291884 |
||